| 000 | 00589nam a22001817a 4500 | ||
|---|---|---|---|
| 003 | BD-DhJNU | ||
| 005 | 20250115045627.0 | ||
| 008 | 250115b |||||||| |||| 00| 0 eng d | ||
| 020 | _a9789845120029 | ||
| 040 |
_aBD-DhJNU _bENG _cBD-DhJNU _dBD-DhJNU |
||
| 082 |
_223 _a297 |
||
| 245 |
_aA quest for Islamic learning : _bessays in memory of professor Serajul Haque / _cEdited by Md. Akhtaruzzaman |
||
| 260 |
_aDhaka : _bAsiatic Society of Bangladesh, _c2011. |
||
| 300 |
_axii, 362 p. : _bill. ; _c22 cm. |
||
| 650 | _aBiography | ||
| 700 |
_aAkhtaruzzaman, Md. _eEditor |
||
| 942 |
_2ddc _cBK _n0 |
||
| 999 |
_c1092 _d1092 |
||